| 000 | 00536nam a2200181 a 4500 | ||
|---|---|---|---|
| 005 | 20140311163001.0 | ||
| 008 | 020819s19uu xx 00 eng d | ||
| 020 | _a9780538878449 | ||
| 050 |
_aHD 30.28 _b.H3757 1998 |
||
| 100 | _aHarrison, Jeffrey S. | ||
| 245 |
_aFoundations in strategic management / _cJeffrey S. Harrison. |
||
| 260 |
_aCincinnati, Ohio : _bSouth-Western College Publishing, _c1998. |
||
| 300 |
_a173 p. : _c25 cm. |
||
| 521 | _aBSBA | ||
| 650 | _aStrategic planning | ||
| 942 |
_cBK _2lcc _kFOR |
||
| 999 |
_c39208 _d39208 |
||